000 00554cam a22002171 4500
001 he 66000330
003 DLC
005 20260227111436.0
008 830310s1965 is 000 0 heb
010 _ahe 66000330
035 _a(OCoLC)19140753
040 _aDLC
_cMH
_dCU
_dDLC
042 _apremarc
050 0 0 _aPJ5053.B747
_bM3
100 1 _aBroides, Abraham,
_d1907-1979.
245 1 0 _aMaḥatsevet.
260 _a[Tel Aviv] :
_bTarbut ṿe-ḥinukh,
_c[1965]
300 _a100 p. ;
_c22 cm.
500 _aPoetry.
752 _aIsrael
_dTel Aviv
999 _c31537
_d31537